| 000 | 01053cab a2200277 4500 | ||
|---|---|---|---|
| 001 | ABS60019 | ||
| 008 | 090401t1999 xxu||||| |||| 00| 0 eng d | ||
| 035 | _a(Sirsi) u90934 | ||
| 041 | _aeng | ||
| 100 | _aU`ren, G. | ||
| 245 | _aWhich way now for Scottish planning? | ||
| 260 | _c1999 | ||
| 350 | _a0 | ||
| 490 |
_aPlanning (for the Natural and Built Environment) _v(1302) 22 January 1999, 11(1) |
||
| 520 | _aHighlights the main points of the government`s consultation paper "Land use planning under a Scottish parliament". The paper identifies sustainability as of central importance, and sets out suggestions about the way in which the planning system in Scotland may evolve. Comments on 13 key questions are requested by 31 March 1999. | ||
| 650 | _aCONSULTATION PAPERS | ||
| 650 |
_aLand use _96251 |
||
| 650 | _aPLANNING POLICY | ||
| 650 | _aSCOTLAND | ||
| 650 | _aSTRATEGIC PLANNING | ||
| 650 |
_aSustainability _96271 |
||
| 690 | _aPLANNING LAW AND PRACTICE | ||
| 700 | _aGoodstadt, V. | ||
| 942 | _n0 | ||
| 948 | _c27/01/1999 | ||
| 999 |
_c57690 _d57690 |
||